<?xml version="1.0" encoding="UTF-8"?>
<record
    xmlns:xsi="http://www.w3.org/2001/XMLSchema-instance"
    xsi:schemaLocation="http://www.loc.gov/MARC21/slim http://www.loc.gov/standards/marcxml/schema/MARC21slim.xsd"
    xmlns="http://www.loc.gov/MARC21/slim">

  <leader>02613cam a2200253   4500500</leader>
  <controlfield tag="005">20260524000253.0</controlfield>
  <datafield tag="041" ind1=" " ind2=" ">
    <subfield code="a">fre</subfield>
  </datafield>
  <datafield tag="042" ind1=" " ind2=" ">
    <subfield code="a">dc</subfield>
  </datafield>
  <datafield tag="100" ind1="1" ind2="0">
    <subfield code="a">Korfmacher, John</subfield>
    <subfield code="e">author</subfield>
  </datafield>
  <datafield tag="700" ind1="1" ind2="0">
    <subfield code="a">Le Houezec-Jacquemain, Fr&#xE9;d&#xE9;rique</subfield>
    <subfield code="e">author</subfield>
  </datafield>
  <datafield tag="245" ind1="0" ind2="0">
    <subfield code="a">Le sens cach&#xE9; des programmes d'interventions pr&#xE9;coces</subfield>
  </datafield>
  <datafield tag="260" ind1=" " ind2=" ">
    <subfield code="c">2002.
							</subfield>
  </datafield>
  <datafield tag="500" ind1=" " ind2=" ">
    <subfield code="a">59</subfield>
  </datafield>
  <datafield tag="520" ind1=" " ind2=" ">
    <subfield code="a">R&#xE9;sum&#xE9;Cet article pr&#xE9;sente une nouvelle approche de la recherche sur les programmes d&#x2019;intervention pr&#xE9;coce, tels qu&#x2019;ils existent depuis un dizaine d&#x2019;ann&#xE9;es aux Etats-Unis. Cette approche insiste sur l&#x2019;exp&#xE9;rience specifique de chaque famille dans le programme, et sur le sens que prend cette exp&#xE9;rience Ceci implique d&#x2019;&#xE9;valuer ce qui arrive effectivement quand ces familles participent au programme d&#x2019;intervention, d&#x2019;&#xE9;valuer la relation que les intervenants etablissent avec la famille, et le r&#xE9;seau de relations a l&#x2019;int&#xE9;rieur m&#xEA;me du programme, ce qui inclut la relation des intervenants avec l&#x2019;&#xE9;valuateur. Chacun de ces points conduit &#xE0; la m&#xEA;me conclusion&#xA0;: du fait des multiples points d&#x2019;entr&#xE9;e dans le syst&#xE8;me de soins qui sont offerts aux programmes et aux intervenants, l&#x2019;examen des processus par lesquels les intervenants aboutissent &#xE0; un r&#xE9;sultat est aussi important que l&#x2019;examen des r&#xE9;sultats.</subfield>
  </datafield>
  <datafield tag="520" ind1=" " ind2=" ">
    <subfield code="a">This paper addresses a new approach to research of early childhood intervention programs in the United States that has taken place in the last decade. This approach emphasizes understanding the variable experiences that families have within the program and understanding the meaning that is attached to that experience. This involves assessing what actually happens when families participate in these intervention programs, assessing the relationships that interventionists form with families, and assessing the network of relationships within a program, including the program&#x2019;s relationships to the evaluator. Each of these points lead to a general conclusion&#xA0;: given the many different entry points into the caregiving system available to programs and interventionists, examining the processes by which interventionists achieve outcomes is just as important as examining the outcomes themselves.</subfield>
  </datafield>
  <datafield tag="690" ind1=" " ind2=" ">
    <subfield code="a">alliance th&#xE9;rapeutique</subfield>
  </datafield>
  <datafield tag="690" ind1=" " ind2=" ">
    <subfield code="a">&#xE9;valuation</subfield>
  </datafield>
  <datafield tag="690" ind1=" " ind2=" ">
    <subfield code="a">interventions pr&#xE9;coces</subfield>
  </datafield>
  <datafield tag="690" ind1=" " ind2=" ">
    <subfield code="a">early childhood intervention</subfield>
  </datafield>
  <datafield tag="690" ind1=" " ind2=" ">
    <subfield code="a">evaluation</subfield>
  </datafield>
  <datafield tag="690" ind1=" " ind2=" ">
    <subfield code="a">treatment alliance</subfield>
  </datafield>
  <datafield tag="786" ind1="0" ind2=" ">
    <subfield code="n">Devenir | 14 | 4 | 2002-12-01 | p. 363-375 | 1015-8154</subfield>
  </datafield>
  <datafield tag="856" ind1="4" ind2="1">
    <subfield code="u">https://stm.cairn.info/revue-devenir-2002-4-page-363?lang=fr&amp;redirect-ssocas=7080</subfield>
  </datafield>
  <datafield tag="999" ind1=" " ind2=" ">
    <subfield code="c">2249102</subfield>
    <subfield code="d">2249103</subfield>
  </datafield>
</record>
